000 00346nam a2200133Ia 4500
008 231129s9999||||xx |||||||||||||| ||spa||
020 _a84-8076-078-8
040 _bspa
082 _a743.836 F911d
100 _aPikesley Richard
245 0 _aDibujar y pintar paisajes
264 _aBlume
942 _2ddc
_cBKS
999 _c9259
_d9259